00718pam a2200253 a 45000010008000000030004000080050017000120080041000290100017000700200015000870400018001020420009001200500023001291000023001522450047001752600039002223000024002615210007002855260008002926500022003006500023003226500030003458560089003751180498OSt20140310184307.0970415s1998 nyua b 000 1 eng  a 97018685  a0399231668 aDLCcDLCdDLC alcac00aPZ 7b.P75186 19991 aPolacco, Patricia.10aThank you, Mr. Falker /cPatricia Polacco. aNew York :bPhilomel Books,c1999. bcol. ill. ;c29 cm. aG4 c650 1aReadingxFiction. 1aTeachersxFiction. 1aSelf-perceptionxFiction.423Publisher descriptionuhttp://www.loc.gov/catdir/enhancements/fy1207/97018685-d.html